| 000 | 00760nam a2200253 i 4500 | ||
|---|---|---|---|
| 003 | DO-SdBNP | ||
| 005 | 20240813090856.0 | ||
| 007 | ta | ||
| 008 | 240813e1999 sp dd 000 0 spa d | ||
| 040 |
_aDO-SdBNP _bspa _cBNPHU _erda |
||
| 041 | _aspa | ||
| 082 | 4 |
_bD441 _222 |
|
| 245 | 1 | 0 | _aDesarrollo y financiamiento de infraestructura y servicios urbanos en América Latina |
| 264 | 4 |
_aLima, Perú : _bUniapravi, _c1999 |
|
| 300 |
_a206 páginas ; _c21 cm. |
||
| 336 |
_2rdacontent _atexto _btxt |
||
| 337 |
_2rdamedia _asin mediación _bn |
||
| 338 |
_2rdacarrier _avolumen _bnc |
||
| 590 | _aInventariado 2024 /DG | ||
| 650 | 4 |
_aEspañol _xDiccionarios _912078 |
|
| 650 | 4 |
_aEspañol _xEtimología _xDiccionarios _955196 |
|
| 910 | _aDG | ||
| 942 |
_2ddc _cLBS1 |
||
| 999 |
_c57417 _d57417 |
||